5HLuxD.jpg

KING HENRY VIII SENIOR AND PRIMARY SCHOOL LIBRARY OPAC

OUR EARTH IS A POEM (Record no. 4731)

000 -LEADER
fixed length control field 00328nam a22001217a 4500
008 - FIXED-LENGTH DATA ELEMENTS--GENERAL INFORMATION
fixed length control field 250312b ||||| |||| 00| 0 eng d
020 ## - INTERNATIONAL STANDARD BOOK NUMBER
International Standard Book Number 9781838915551
082 ## - DEWEY DECIMAL CLASSIFICATION NUMBER
Classification number 821 LIT
100 ## - MAIN ENTRY--PERSONAL NAME
Personal name LITTLE TIGER
245 ## - TITLE STATEMENT
Title OUR EARTH IS A POEM
260 ## - PUBLICATION, DISTRIBUTION, ETC.
Place of publication, distribution, etc. 1 CODA STUDIOS,189 MUNSTER ROAD,LONDON SW6 6AW
Name of publisher, distributor, etc. LITTLE TIGER
Date of publication, distribution, etc. 2023
942 ## - ADDED ENTRY ELEMENTS (KOHA)
Source of classification or shelving scheme
Holdings
Withdrawn status Lost status Source of classification or shelving scheme Damaged status Not for loan Collection code Permanent Location Current Location Shelving location Date acquired Total Checkouts Full call number Barcode Date last seen Date last checked out Price effective from Koha item type Public note
          Non-Fiction KH8 Primary School Library KH8 Primary School Library Non Fiction 2025-03-12 2 821 LIT KHPL000006548 2026-02-10 2026-02-03 2025-03-12 Books - Non Ficton KH8 PRIMARY LIBRARY

Powered By KH8 IT Dept